[Event "HUN-ch 55th"]
[Site "Kazincbarcika"]
[Date "2005.05.15"]
[Round "6"]
[White "Balogh, Csaba"]
[Black "Berkes, Ferenc"]
[Result "1/2-1/2"]
[WhiteElo "2531"]
[BlackElo "2617"]
[Annotator "Mueller,Karsten"]
[PlyCount "115"]
[EventDate "2005.05.10"]
[EventType "tourn"]
[EventRounds "9"]
[EventCountry "HUN"]
[EventCategory "12"]
[SourceTitle "CBM 107"]
[Source "ChessBase"]
[SourceDate "2005.08.01"]
[SourceVersion "1"]
[SourceVersionDate "2005.08.01"]
[SourceQuality "1"]

1. e4 e6 2. d4 d5 3. Nd2 Ne7 4. Ngf3 Nd7 5. g3 c5 6. Bg2 g6 7. exd5 exd5 8.
dxc5 Nxc5 9. Nb3 Ne6 10. Nfd4 Bg7 11. Be3 O-O 12. O-O Nc6 13. Re1 Re8 14. Nxe6
Bxe6 15. c3 Rc8 16. Nd4 Qd7 17. f4 Bxd4 18. Bxd4 Bh3 19. Rxe8+ Rxe8 20. Bxh3
Qxh3 21. Bf2 Qf5 22. Qd2 h5 23. Rd1 h4 24. Qxd5 Rd8 25. Qf3 Rxd1+ 26. Qxd1 h3
27. b4 g5 28. Qe2 gxf4 29. gxf4 Qxf4 30. b5 Qg5+ 31. Bg3 Ne7 32. Kf2 Qf5+ 33.
Ke1 Nd5 34. Kd2 Nf6 35. Qe5 Qf3 36. Kc2 Ne4 37. Bf4 Qe2+ 38. Kb3 b6 39. a4 Nc5+
40. Ka3 Qxe5 41. Bxe5 f5 42. Bb8 Nd7 43. Bxa7 f4 44. a5 bxa5 45. Bf2 Kf7 46. c4
Ke7 47. c5 Kd8 48. Ka4 Ne5 49. Kxa5 Nd3 50. Bd4 f3 51. Ka6 $2 {Erlaubt Schwarz
eine studienartige Rettung.} (51. b6 {hätte gewonnen:} f2 (51... Kd7 52. Kb5 f2
53. Bxf2 Ne5 54. Bg3 Nc6 55. b7 $18) 52. Bxf2 Nxf2 53. b7 Kc7 54. Ka6 Kb8 55.
Kb6 Nd3 56. c6 Nf4 57. c7#) 51... f2 52. Bxf2 Nxf2 53. b6 (53. c6 Ne4 (53...
Kc7 $2 54. b6+ Kxc6 55. b7 $18) 54. b6 Nd6 55. b7 Kc7 56. Ka7 Nc8+ 57. bxc8=Q+
Kxc8 58. Kb6 Kb8 $11) 53... Nd3 54. c6 Nb4+ 55. Kb7 Nxc6 56. Kxc6 Kc8 57. b7+
Kb8 58. Kb6 1/2-1/2

[Event "Abu Dhabi op 13th"]
[Site "Abu Dhabi"]
[Date "2003.08.22"]
[Round "6"]
[White "Abdelnabbi, Imed"]
[Black "Lputian, Smbat G"]
[Result "0-1"]
[WhiteElo "2455"]
[BlackElo "2623"]
[Annotator "Mueller,Karsten"]
[PlyCount "72"]
[EventDate "2003.08.16"]
[EventType "swiss"]
[EventRounds "9"]
[EventCountry "UAE"]
[SourceTitle "CBM 097"]
[Source "ChessBase"]
[SourceDate "2003.11.11"]
[SourceVersion "1"]
[SourceVersionDate "2003.11.11"]
[SourceQuality "1"]

1. e4 e6 2. d4 d5 3. Nd2 Be7 4. Ngf3 Nf6 5. Bd3 c5 6. exd5 Nxd5 7. dxc5 Nd7 8.
Nb3 Nxc5 9. Nxc5 Qa5+ 10. c3 Qxc5 11. O-O (11. Qa4+ Bd7 12. Qg4 h5 13. Qc4 Qd6
(13... Qxc4 $11) 14. O-O h4 15. Be4 h3 16. g3 Rc8 17. Qe2 f5 $13 {0-1
Ciganikova,A-Vavrak,P/SVK 2001/CBM 85 ext (43)}) 11... O-O 12. Qe2 Rd8 13. Ne5
(13. Re1 Bd7 14. Ne5 Be8 15. c4 Nb4 16. Be4 Nc6 17. Nxc6 Bxc6 18. Be3 Qa5 19.
Bxc6 bxc6 20. b3 c5 21. h3 h6 22. Rad1 {1/2-1/2 Joecks,C-Hausner,I/Germany
1994/GER-chT2 (22).}) 13... g6 14. Re1 Qc7 15. Bh6 f6 16. Nf3 e5 17. Bc4 Bf8
18. Bxf8 Kxf8 19. Rad1 Be6 20. Bb3 Rd7 21. g3 (21. Nd4 Bf7 22. Nb5 Qc6 $11)
21... Rad8 22. Nd2 Kg7 23. Ba4 Re7 24. Bb3 a6 25. Nf1 h5 $5 {langsam aber
sicher übernimmt Schwarz die Initiative.} 26. Ne3 Nxe3 27. Rxd8 Qxd8 28. Bxe6
Rxe6 29. Qxe3 Rd6 {nicht die weiße Damenflügelmajorität ist der wichtige
Faktor, sondern die schwarze Herrschaft über die d-Linie und die Möglichkeit,
durch Eindringen der Schwerfiguren oder Vorrücken der Königsflügelbauern
Drohungen gegen den weißen König zu schaffen.} 30. Qe4 Qd7 31. Re2 Rd1+ 32. Kg2
Ra1 33. b3 $2 (33. f4 exf4 (33... Qd1 34. Kh3 $11) 34. Qe7+ Qxe7 35. Rxe7+ Kh6
36. gxf4 b5 37. a3 $15) 33... Qd1 $1 $19 34. g4 hxg4 35. Qxg4 $6 (35. Kg3 Qg1+
36. Qg2 Rd1 $19) 35... f5 36. Qb4 Qh1+ (36... Qh1+ 37. Kg3 Rg1+ 38. Kh3 Qf3+
39. Kh4 g5#) 0-1

[Event "Bundesliga 0203"]
[Site "Germany"]
[Date "2003.03.15"]
[Round "13.7"]
[White "Stellwagen, Daniel"]
[Black "Schmidt, Bodo"]
[Result "1/2-1/2"]
[WhiteElo "2426"]
[BlackElo "2360"]
[Annotator "Mueller,Karsten"]
[PlyCount "117"]
[EventDate "2002.10.19"]
[EventType "team-tourn"]
[EventRounds "15"]
[EventCountry "GER"]
[SourceTitle "CBM 094"]
[Source "ChessBase"]
[SourceDate "2003.05.26"]
[SourceVersion "1"]
[SourceVersionDate "2003.05.26"]
[SourceQuality "1"]
[WhiteTeam "Solingen"]
[BlackTeam "Godesberg"]
[WhiteTeamCountry "GER"]
[BlackTeamCountry "GER"]

1. e4 e6 2. d4 d5 3. Nd2 Be7 4. Ngf3 Nf6 5. e5 Nfd7 6. Bd3 c5 7. c3 cxd4 8.
cxd4 b6 9. O-O Ba6 10. Ne1 $5 {[%mdl 8] der Beginn eines interessanten
Konzepts, das Weiß eine schöne Druckstellung beschert.} (10. Bxa6 Nxa6 11. Re1
(11. a3 O-O 12. Qe2 Nc7 13. b3 a5 14. a4 b5 15. Ba3 Bxa3 16. Rxa3 Qb8 17. Rc1
Rc8 18. g3 Qb6 19. Kg2 h6 20. h4 bxa4 21. bxa4 Qa6 22. Qd1 Rab8 23. Rac3 Na8
24. Rxc8+ Rxc8 25. Nb3 Nab6 26. Rxc8+ Qxc8 27. Nxa5 {1/2-1/2 Izeta Txabarri,
F-Rivas Pastor,M/Barcelona 2000/CBM 77 ext (27).}) 11... O-O 12. Nf1 Rc8 13.
Bd2 Nab8 14. Qb3 Qc7 15. Rac1 Qb7 16. Bc3 Nc6 17. h4 b5 $11 {1-0 Yurtaev,
L-Shetty,R/Calcutta 2000/CBM 74 ext (37)}) 10... Bxd3 11. Nxd3 Nc6 12. Qg4 Kf8
13. Nf3 $14 h5 14. Qg3 g6 15. Bd2 Rc8 16. Rac1 a5 17. a4 (17. Rc3 $5) 17... Kg7
(17... g5 18. Rc3 g4 19. Rfc1 gxf3 20. Rxc6 Rxc6 21. Rxc6 fxg2 22. Qf3 $14) 18.
h4 Ndb8 $6 (18... Rc7 19. Rc3 (19. Bg5 Bxg5 20. hxg5 Qe7 21. Rc3 Rhc8 22. Rfc1
Ndb8 $14) 19... Qb8 20. Bg5 Bb4 21. Nxb4 axb4 22. Rcc1 Rhc8 23. Qf4 Kg8 $14)
19. Rc2 $5 {[%cal Gf1c1,Gc1c8,Gd2g5,Gg3f4,Gf4f6,Gf3g5,Gd3f4,Gf4h5][%mdl 32]
der weiße Druck ist sehr lästig} Nb4 (19... Qd7 20. Rfc1 Na7 21. Bg5 Rxc2 22.
Bf6+ Bxf6 23. exf6+ Kxf6 24. Rxc2 Rc8 25. Nde5 Qe8 26. Rxc8 Nxc8 27. Nxf7 $16)
20. Nxb4 axb4 21. Rxc8 Qxc8 22. Bg5 Bxg5 23. Qxg5 Qd8 24. Qxd8 Rxd8 25. Rc1 Rd7
26. Ne1 (26. Rc8 $5) 26... Ra7 27. b3 b5 28. axb5 Rb7 29. Nd3 $2 {das
entstehende Turmendspiel ist nur remis. Es war besser, den Versuch zu
unternehmen, f7 zu einer zweiten Schwäche zu machen, z.B.:} (29. Nf3 Nd7 (29...
Rxb5 30. Rc7 Rb6 31. Ng5 Kg8 32. Rxf7 Nc6 33. Rf4 Ra6 34. Nxe6 Nxe5 35. Rf8+
Kh7 36. dxe5 Rxe6 37. f4 Rc6 38. Rb8 $18) 30. Ng5 Nb6 31. Kh2 Kf8 32. Kg3 Ke7
33. Kf4 Nd7 34. Ra1 Rxb5 35. Ra7 Rb8 36. Nh7 Kd8 37. Kg5 Rc8 38. Nf6 $18) 29...
Rxb5 30. Rc7 Rb6 31. Nc5 Na6 32. Nxa6 Rxa6 33. Rb7 Ra1+ 34. Kh2 Rd1 35. Rxb4 g5
$5 {eine typische Technik im Turmendspiel. Aktivität ist nun mal sehr wichtig!}
36. hxg5 Kg6 37. Kg3 (37. f4 Kf5 38. Kg3 h4+ 39. Kxh4 Kxf4 40. g3+ Kf5 $11)
37... Kxg5 38. Kf3 Re1 39. Rb7 Kg6 40. Rb4 Kg5 41. g3 Kf5 42. Rb7 Kg6 43. Ra7
Re4 44. Ra4 f6 45. exf6 Kxf6 46. Kg2 Re1 47. Rb4 Rd1 48. Kf3 Re1 $6 (48... Kf5
$11) 49. Rb8 Kg5 50. b4 Re4 $2 (50... Kf5 $1 {führt zum Remis.}) 51. b5 $18
Rxd4 52. b6 Rb4 53. Ke3 $4 (53. b7 $18 {hätte auf der Stelle gewonnen, weil
der schwarze König kein Versteck finden kann.}) 53... Kf5 54. f4 (54. b7 Ke5
55. f4+ Kd6 $11) 54... d4+ 55. Kd3 Kg4 56. b7 Kf3 $1 {[%mdl 4096] nun kann
sich der schwarze König vor den Schachs verstecken. Wenn man Schachs des
weißen Turmes als Regen ansieht, dann dienen die weißen Bauern ihm praktisch
als Regenschirm (dieser Vergleich stammt von Mark Dworetzki).} (56... Kh3 $2
57. g4 $1 {ein typisches Motiv} Kxg4 58. Rg8+ Kxf4 59. b8=Q+ Rxb8 60. Rxb8 h4
61. Rh8 Kg3 62. Kxd4 h3 63. Ke3 Kg2 64. Ke2 h2 65. Rg8+ Kh3 66. Kf2 h1=N+ 67.
Kf3 Kh2 68. Rg2+ Kh3 69. Rg6 Kh4 70. Rh6+ $18) 57. Rh8 Rxb7 58. Rxh5 Kxg3 59.
Re5 (59. Re5 Kxf4 60. Rxe6 Rd7 61. Re4+ Kf5 62. Rxd4 $11) 1/2-1/2

[Event "Biel GM"]
[Site "Biel"]
[Date "2002.07.28"]
[Round "6"]
[White "Smirin, Ilia"]
[Black "Pelletier, Yannick"]
[Result "1-0"]
[WhiteElo "2676"]
[BlackElo "2571"]
[Annotator "Mueller,Karsten"]
[PlyCount "55"]
[EventDate "2002.07.22"]
[EventType "tourn"]
[EventRounds "10"]
[EventCountry "SUI"]
[EventCategory "16"]
[SourceTitle "CBM 091"]
[Source "ChessBase"]
[SourceDate "2002.11.12"]
[SourceVersion "1"]
[SourceVersionDate "2002.11.12"]
[SourceQuality "1"]

1. e4 e6 2. d4 d5 3. Nd2 Be7 4. Ngf3 Nf6 5. e5 Nfd7 6. Bd3 c5 7. c3 b6 8. Qe2
a5 9. c4 $5 $146 {[%mdl 8]} (9. O-O Ba6 (9... cxd4 $6 10. Nxd4 Nc5 11. Bb5+ Bd7
12. Re1 O-O 13. a4 Nba6 14. N2f3 Qe8 15. Be3 $14 {1/2-1/2 Tkachiev,V-Bauer,C/
France 2002/CBM 88 ext (48)}) 10. c4 (10. Bxa6 Nxa6 11. Ne1 cxd4 12. cxd4 Nb4
13. f4 {Murariu,A-Hassan,A/Kuala Lumpur MAS 2002/The Week in Chess 408} Rc8
$132) 10... Nc6 11. cxd5 (11. Rd1 Nb4 $11 {1-0 Medina Garcia,A-Messa,R/Roma-B
1980/MCD-r8 (30)}) 11... Bxd3 12. Qxd3 exd5 13. Qe2 (13. dxc5 Nxc5 14. Qe2 O-O
15. Nb3 Nxb3 16. axb3 Bc5 {1/2-1/2 Brinck Claussen,B-Antonsen,M/Tastrup 1992/
EXP 28 (16)}) (13. Qf5 Nf8 14. Rd1 Ne6 15. dxc5 bxc5 16. Nf1 O-O 17. Ne3 (17.
Ng3 Rb8 18. Rb1 Ncd4 19. Nxd4 Nxd4 20. Qd3 f6 21. exf6 Bxf6 22. Be3 Qd7 23. b3
{1/2-1/2 Gallagher,J-Sharif,M/France 2002/CBM 88 ext (23)}) 17... Ncd4 18. Nxd4
Nxd4 19. Qd3 f6 20. exf6 Bxf6 $11 {1/2-1/2 Chandler,M-Vaisser,A/Sochi 1982/
MCD-r8 (41)}) 13... O-O 14. e6 Nf6 15. dxc5 bxc5 16. exf7+ Rxf7 17. Ng5 Nd4 18.
Qe1 Rf8 19. Ne6 Nxe6 {1/2-1/2 Prandstetter,E-Ambroz,J/Trencianske Teplice 1985/
MCL 02 (19).}) (9. a3 $6 Ba6 10. c4 {ist eine schlechtere Version desgleichen
Planes wie in der Partie:} Nc6 11. cxd5 Bxd3 12. Qxd3 exd5 13. O-O O-O 14. Re1
Rc8 15. Qf5 g6 16. Qg4 Re8 17. Nf1 Nxd4 18. Nxd4 cxd4 19. Ng3 $2 Nc5 20. Nf5
Bf8 21. Nxd4 Nd3 22. Bg5 Qc7 23. Red1 Qxe5 $17 {0-1 Maksimovic,B-Drasko,M/
Podgorica 1996/CBM 53 (36)}) 9... Bb7 (9... Nc6 $5 10. cxd5 exd5 11. O-O O-O
12. Re1 $13) 10. cxd5 Bxd5 11. Be4 {Was geht denn hier vor sich? Zunächst
verhindert Smirin den Abtausch der weißfeldrigen Läufer mit allen Mitteln und
nun bietet er ihn selber an. Die Erklärung liegt im durch 9.c4 Lb7 10.cxd5
Lxd5 veränderten Charakter der Stellung. Während es anfangs darum ging, den
starken Angriffsläufer d3 nicht gegen den schlechten Läufer c8 abzutauschen,
so ist nun das Ziel, weißfeldrigen Druck zu entfalten und Schwarz das Feld d5
streitig zu machen.} Bxe4 12. Qxe4 Na6 13. d5 $1 {Bevor sich ein schwarzer
Springer auf d5 breit machen kann, löst Smirin den Stützpunkt auf. Ein
wichtiges Motiv!} exd5 14. Qxd5 Nb4 $6 {der hiermit eingeleitete Plan bewährt
sich im Folgenden nicht.} (14... O-O 15. O-O Nc7 16. Qd3 b5 $14 {[%cal Gd7b6]})
15. Qe4 Nf8 16. a3 Nd3+ 17. Ke2 Ne6 18. Nc4 Nxc1+ 19. Raxc1 O-O (19... a4 $2
20. Rhd1 Qc8 21. Nxb6 Qa6+ 22. Rc4 $18) 20. Rhd1 Qc7 21. a4 $1 $14 {[%mdl 32] /
+/- Weiß hat eine deutliche weißfeldrige Überlegenheit, was auch dazu führt,
dass der schwarze Läufer e7 kaum Wirkung entfalten kann (Thema: guter Springer
gegen schlechten Läufer).} Rad8 22. g3 {dieser Zug verfolgt zwei Ideen: 1)
Findet der König auf g2 ein sicheres Plätzchen, falls Weiß im Zentrum/ am
Damenflügel weiter drückt. 2) Kann bei günstigen Voraussetzungen mit h2-h4-h5
ein Angriff am Königsflügel unterstützt werden.} Kh8 23. Kf1 f5 24. exf6 Rxf6
25. Rxd8+ Qxd8 26. Nce5 c4 $2 (26... Rf8 27. Re1 $14 {/+/-}) 27. Qxc4 Bc5 $2 {
[%mdl 8192]} (27... Qg8 28. Re1 Bc5 29. Kg2 $16) 28. Qxe6 (28. Qxe6 Rxe6 29.
Nf7+ Kg8 30. Nxd8 Rf6 31. Ke2 Rd6 32. Nb7 Re6+ 33. Kd3 Rf6 34. Ne5 $18) 1-0

[Event "EU-ch 4th"]
[Site "Istanbul"]
[Date "2003.06.11"]
[Round "11"]
[White "Pavasovic, Dusko"]
[Black "Lputian, Smbat G"]
[Result "1/2-1/2"]
[WhiteElo "2584"]
[BlackElo "2638"]
[Annotator "Mueller,Karsten"]
[PlyCount "53"]
[EventDate "2003.05.30"]
[EventType "swiss"]
[EventRounds "13"]
[EventCountry "TUR"]
[SourceTitle "CBM 096"]
[Source "ChessBase"]
[SourceDate "2003.09.25"]
[SourceVersion "1"]
[SourceVersionDate "2003.09.25"]
[SourceQuality "1"]

1. e4 e6 2. d4 d5 3. Nd2 Be7 4. Bd3 c5 5. dxc5 Nf6 6. Qe2 O-O 7. Ngf3 a5 8. a4
Na6 9. Nb3 dxe4 (9... Nb4 10. exd5 (10. Bg5 $5) 10... Nxd3+ 11. Qxd3 Nxd5 12.
Be3 b6 $1 13. O-O-O $6 bxc5 14. Bxc5 Ba6 $44 {0-1 Hachatrian,V-Lputian,S/
Yerevan 2001/CBM 86 (26)}) 10. Bxe4 Nxe4 (10... Nxc5 11. Nxc5 Bxc5 12. O-O Qc7
13. Bd3 b6 14. Bg5 Bb7 15. Bxf6 gxf6 16. Be4 $14 {1-0 Jukic,B-Berebora,F/
Medulin 2002/CBM 90 ext (55). (54)}) 11. Qxe4 Nxc5 12. Nxc5 Bxc5 13. O-O Qb6
14. b3 $6 {Weiß hat ohnehin nicht viel, doch nun kommt sogar Schwarz dank
seines Läuferpaares leicht in die Vorhand.} (14. Ng5 f5 15. Qh4 h6 16. Nf3 Bd7
17. Ne5 Bc6 18. Qg3 $14) 14... f6 $1 15. Nd2 (15. Be3 Bxe3 16. fxe3 e5 17. Rad1
Be6 $15) 15... Rd8 16. Qe2 Qc6 17. Nc4 b6 (17... e5 $5 18. Be3 Be6 (18... Bd4
$5) 19. Bxc5 Qxc5 $15) 18. Be3 Ba6 (18... Bb7 $5) 19. Bxc5 bxc5 20. Rfe1 Rd6
21. Rad1 Rd5 22. h3 (22. Rxd5 Qxd5 (22... exd5 $2 23. Nxa5 $16) 23. Qxe6+ Qxe6
24. Rxe6 Bxc4 25. bxc4 Rb8 $11 {/=/+}) 22... Rad8 23. Rxd5 Qxd5 24. Qxe6+ Qxe6
25. Rxe6 Bxc4 26. bxc4 Rd4 27. Ra6 1/2-1/2

[Event "Monarch Assurance 08th"]
[Site "Port Erin"]
[Date "1999.11.07"]
[Round "2"]
[White "Kudrin, Sergey"]
[Black "Short, Nigel D"]
[Result "0-1"]
[WhiteElo "2525"]
[BlackElo "2675"]
[Annotator "Mueller,Karsten"]
[PlyCount "50"]
[EventDate "1999.11.06"]
[EventType "swiss"]
[EventRounds "9"]
[EventCountry "IOM"]
[SourceTitle "CBM 074"]
[Source "ChessBase"]
[SourceDate "2000.02.01"]
[SourceVersion "1"]
[SourceVersionDate "2000.02.01"]
[SourceQuality "1"]

1. e4 e6 2. d4 d5 3. Nd2 Be7 4. Bd3 c5 5. dxc5 Nf6 6. exd5 Qxd5 7. Ngf3 Nbd7 8.
Nb3 (8. b4 a5 9. Bc4 Qh5 10. c3 Nd5 $44 {0-1 Turov,M-Shulman,Y/St. Petersburg
1998/CBM 67 ext/[Shulman,Y;Kapengut,A] (70)}) 8... a5 (8... Nxc5 9. Nxc5 (9.
Bb5+ Bd7 10. Qxd5 Nxd5 11. Bxd7+ Nxd7 12. O-O Rc8 $11 {0-1 Petronic,S-Matveeva,
S/Vrnjacka Banja YUG 1999 (50)}) 9... Bxc5 10. O-O Bd7 11. c4 Qh5 12. Bf4 Rd8
$11 {0-1 Burnoiu,C-Shulman,Y/Pardubice CZE 1999 (46)}) 9. c4 Qh5 10. Be2 e5 11.
O-O a4 12. Nbd2 $6 (12. Nfd4 $5 {mit der Idee} Qg6 13. f4 {kam in Betracht.})
12... Nxc5 $15 13. Re1 O-O 14. Nf1 Rd8 15. Qc2 e4 (15... Nb3 $5 16. axb3 axb3
17. Qb1 Bf5 18. Ng3 (18. Nxe5 Bxb1 19. Bxh5 Rxa1 $17) 18... Bxb1 19. Rxa8 Qg4
20. Nxe5 Qe6 21. Rxd8+ Bxd8 $17) (15... Bf5 16. Qc3 Nfe4 17. Qxe5 (17. Nxe5
Qxe2 18. Rxe2 Nxc3 19. bxc3 Bf6 $44) 17... Bd6 (17... Bf6 18. Qc7 $13) 18. Nh4
Bxe5 19. Bxh5 Be6 $44) 16. Ng3 Qg4 17. Ng5 Qh4 18. Be3 (18. N3xe4 Nfxe4 19. g3
Qxg5 20. Bxg5 Nxg5 $15) 18... Nd3 19. Red1 Ng4 20. Bxg4 (20. N5xe4 $6 Qxh2+ 21.
Kf1 Nxe3+ 22. fxe3 Nb4 23. Rxd8+ Bxd8 $17) 20... Bxg4 21. N5xe4 $5 Bxd1 22.
Rxd1 Nb4 23. Rxd8+ Rxd8 24. Qxa4 f5 25. Bc5 $4 {[%mdl 8192]} ({Nach} 25. c5 {
ist die Lage nicht klar, z.B.} Nc6 (25... fxe4 26. Qxb4 Rd1+ 27. Nf1 Qh5 28.
Qc4+ $13) (25... Nd5 $2 26. Nxf5 Qh5 27. Nxe7+ Nxe7 28. Nd6 $16) 26. Qb3+ Kh8
27. Nd6 Bxd6 28. cxd6 Rxd6 29. Qxb7 Rd1+ 30. Nf1 Qe4 31. Qc8+ $13) 25... Nd3 (
25... fxe4 $19) (25... Nd3 26. Bb6 (26. Bxe7 Qxe7 $19 {[%cal Ge7e1]}) 26...
Nxb2 27. Qb3 Rd1+ 28. Nf1 Qxe4 $19) 0-1

[Event "Reykjavik Hrokurinn"]
[Site "Reykjavik"]
[Date "2003.02.21"]
[Round "4"]
[White "Adams, Michael"]
[Black "Kristjansson, Stefan"]
[Result "1-0"]
[WhiteElo "2734"]
[BlackElo "2432"]
[Annotator "Mueller,Karsten"]
[PlyCount "73"]
[EventDate "2003.02.18"]
[EventType "tourn"]
[EventRounds "9"]
[EventCountry "ISL"]
[EventCategory "15"]
[SourceTitle "CBM 094"]
[Source "ChessBase"]
[SourceDate "2003.05.26"]
[SourceVersion "1"]
[SourceVersionDate "2003.05.26"]
[SourceQuality "1"]

1. e4 e6 2. d4 d5 3. Nd2 Be7 4. e5 c5 5. Qg4 Bf8 6. Ndf3 Nc6 7. dxc5 Qc7 $5
$146 (7... Nge7 8. Bd2 (8. b4 $5) 8... Ng6 9. Qg3 Bxc5 10. h4 $6 (10. Bd3 $11)
10... Qb6 $15 {1/2-1/2 Brodhuhn,C-Bednarski,J/Hannover 1976/EXT 2002 (20). (19)
}) (7... f6 $6 8. Bd3 f5 9. Qg3 Qc7 10. Ne2 Bxc5 11. O-O g6 12. a3 $14 {
0-1 Vasconcellos,J-Praud,J/Paris 1993/TD (39)}) 8. Qg3 Nge7 9. c3 Ng6 10. b4 a5
(10... Ncxe5 $5) 11. Bb5 axb4 12. cxb4 Bd7 13. Bxc6 Bxc6 14. h4 b6 $5 15. h5
Ne7 16. Nd4 bxc5 17. bxc5 Qa5+ (17... Nf5 $5 {is interesting, e.g. ist
interessant, z.B.} 18. Nxf5 exf5 19. Ne2 Bb5 20. Nd4 Qxc5 21. Qb3 Bc4 22. Qb7
Qb4+ (22... Qxd4 $2 23. Qxa8+ Kd7 24. Qb7+ Ke6 25. Qc6+ Ke7 26. Qd6+ Ke8 27.
Qb8+ Kd7 28. Rb1 $18) 23. Qxb4 Bxb4+ 24. Bd2 Bc5 25. Nxf5 Kd7 $11) 18. Bd2 Qxc5
19. Ngf3 Bb5 20. Nxb5 Qxb5 21. Nd4 Qa6 $2 (21... Qb6 22. Qd3 Nc6 $14) 22. a4
$16 f5 (22... Qc4 23. Qc3 (23. Qf4 $5) 23... Rxa4 24. Rxa4 Qxa4 25. O-O Qc4 26.
Qa5 $16) (22... Nc6 23. Nb5 Qxb5 $2 24. axb5 Rxa1+ 25. Ke2 Nd4+ 26. Kd3 Rxh1
27. Kxd4 Rb1 28. Qc3 Rb4+ 29. Kd3 Rc4 30. Qa1 $18) 23. Bc3 Kf7 24. Nb5 Rb8 25.
Qd3 Kg8 26. O-O h6 $2 {im Folgenden geht Schwarz an seiner Unterentwicklung zu
Grunde.} ({Mit} 26... Nc6 {konnte er trotz schlechterer Stellung noch
weiterkämpfen.}) 27. Bb4 $18 Nc6 (27... Kh7 28. Qg3 Rg8 29. Bd6 Rb7 30. Nd4 $18
) 28. Bd6 Bxd6 29. exd6 Kh7 (29... Qc8 30. Rfe1 Qd7 31. Rac1 $18) 30. Qg3 Rhe8
$6 (30... Rhf8 31. Qg6+ Kh8 32. Qxe6 d4 33. Rfc1 d3 34. d7 d2 35. Rd1 Rf6 36.
Qe2 $18) 31. Nc7 Qc8 32. Rfc1 Qd7 33. Nxe8 Rxe8 34. a5 e5 35. a6 Ra8 36. Rc5 d4
37. Qf3 1-0

[Event "ARG-ch Najdorf Memorial"]
[Site "Buenos Aires"]
[Date "1999.11.27"]
[Round "8"]
[White "Zarnicki, Pablo Adrian"]
[Black "Giaccio, Alfredo Gustavo"]
[Result "1/2-1/2"]
[WhiteElo "2497"]
[BlackElo "2505"]
[Annotator "Mueller,Karsten"]
[PlyCount "46"]
[EventDate "1999.11.19"]
[EventType "tourn"]
[EventRounds "13"]
[EventCountry "ARG"]
[EventCategory "9"]
[SourceTitle "CBM 074"]
[Source "ChessBase"]
[SourceDate "2000.02.01"]
[SourceVersion "1"]
[SourceVersionDate "2000.02.01"]
[SourceQuality "1"]

1. e4 e6 2. d4 d5 3. Nd2 Be7 4. Bd3 c5 5. dxc5 Nd7 6. exd5 exd5 7. Nb3 Nxc5 8.
Bb5+ Bd7 9. Bxd7+ Qxd7 10. Nf3 Nf6 11. O-O O-O (11... Nce4 12. Be3 O-O 13. c3 (
13. Qd3 Rfc8 14. c3 Bd6 15. Rad1 Qa4 $11 {1/2-1/2 Kyas,J-Ellers,H/BL9798
Bochum-Chemnitz 1997/BL9798 (27)}) 13... Bd6 14. h3 Rfe8 15. Qd3 a6 $11 {
1/2-1/2 Shevchenko,S-Vysochin,S/Polanica Zdroj POL 1999 (56)}) 12. Nfd4 (12.
Nbd4 Rfe8 13. h3 Bd6 14. Be3 Re4 $11 {0-1 Zadrima,A-Lputian,S/Ankara 1995/EXP
49 (39)}) 12... Rac8 13. c3 Bd6 14. Qf3 Qg4 {der Damentausch zieht den weißen
Angriffsideen (wie Sf5, Lg5) den Zahn. Allerdings muß Schwarz aufpassen, daß
seine Initiative nicht verfliegt und der Isolani d5 schwach wird.} 15. Qxg4 (
15. Nf5 Qxf3 16. gxf3 Rfd8 17. Bg5 Nd3 $132) 15... Nxg4 16. Nf5 $5 Rfd8 (16...
Bxh2+ $2 17. Kh1 {und Schwarz verliert wegen der Drohung Se7+ Material.}) 17.
Nxd6 Rxd6 18. Nxc5 Rxc5 19. f3 Ne5 20. Re1 (20. Be3 $5 Ra5 21. Rfd1 Nc4 22. Bf2
$14) 20... Re6 $1 $11 21. Be3 Rb5 22. b3 (22. Bd4 Nc6 $11) 22... Nd3 23. Re2
Nf4 (23... Nf4 24. Ree1 Nd3 $11) 1/2-1/2